000 00672cam a22001935a 4500
001 L156596
008 120611s1928 xxk f 000 0 eng d
035 _a(Sirsi) u156596
041 0 _aeng
100 1 _aChippindale, Amos
245 0 0 _aTo the members of the N.A.A.
260 _aHarrogate
_b[the authors]
_c[1928]
300 _a[8 p.]
_c21 cm.
520 _aTwo leaflets outlining the grievances of the Yorkshire Branch of the National Association of Auctioneers, and seeking support for the creation of a new institution, the Valuers' Institution.
651 4 _aGreat Britain
_y1707-
690 _aAuctioneering
_96218
700 1 _aHarrop Short, T.
942 _n0
999 _c114310
_d114310